[Event "OP-2012-0-02323"]
[Site "LSS email"]
[Date "2012.08.06"]
[Round "?"]
[White "Vitale, Francesco"]
[Black "Willmann, Bernd"]
[Result "0-1"]
[WhiteElo "1446"]
[BlackElo "1620"]
[PlyCount "42"]
[EventDate "2012.07.27"]
[EventType "tourn (corr)"]
[EventRounds "4"]
[EventCountry "GER"]
[SourceTitle "Telechess CBM 153"]
[Source "ChessBase"]
[SourceDate "2013.03.14"]
[SourceVersion "1"]
[SourceVersionDate "2013.03.14"]
[SourceQuality "1"]

1. e4 c5 2. Nf3 d6 3. d4 Nf6 4. Nc3 cxd4 5. Nxd4 a6 6. Be3 e5 7. Nb3 Be6 8. f3 h5 9. Qd2 Nbd7 10. 0-0-0 Be7 11. Nd5 Nxd5 12. exd5 Bf5 13. Bd3 Bxd3 14. Qxd3 Bg5 15. Bxg5 Qxg5+ 16. Nd2 Nc5 17. Qc3 0-0 18. g3 Rfc8 19. h4 Qxg3 20. Ne4 Nxe4 21. Qe1 Nf2 0-1

[Event "OP-2012-0-02338"]
[Site "LSS email"]
[Date "2012.08.05"]
[Round "?"]
[White "Vitale, Francesco"]
[Black "Wajnberg, Piotr"]
[Result "0-1"]
[WhiteElo "1446"]
[BlackElo "2176"]
[PlyCount "42"]
[EventDate "2012.08.01"]
[EventType "tourn (corr)"]
[EventRounds "4"]
[EventCountry "GER"]
[SourceTitle "Telechess CBM 159"]
[Source "ChessBase"]
[SourceDate "2014.03.17"]
[SourceVersion "1"]
[SourceVersionDate "2014.03.17"]
[SourceQuality "1"]

1. e4 c5 2. Nf3 Nc6 3. d4 cxd4 4. Nxd4 Nf6 5. Nc3 e5 6. Ndb5 d6 7. Bg5 a6 8. Na3 b5 9. Nd5 Be7 10. Bxf6 Bxf6 11. c3 Bb7 12. Nc2 Ne7 13. Nce3 Nxd5 14. exd5 0-0 15. Bd3 Bg5 16. 0-0 g6 17. Qg4 f5 18. Nxf5 Bc8 19. Rae1 Bxf5 20. Bxf5 Rxf5 21. b3 Bd2 0-1